00748nam a2200205Ia 4500003000900000008004100009020001800050040001600068080002400084245011600108260002700224300002300251650002600274650002500300650001900325700002900344942000700373999001700380952014500397IN-BaIIA211028s9999 xx 000 0 eng d a0-08-042490-2 cIIA Library a047.1:539.1bPRO-32 0aProgress in pticle and nuclear physicsbvol.32cedited by A. Faessler  aOxfordbElsevierc1994 a[various pagings.] aNuclear physics91527 apticle physics92818 apticles910924 aFaessler, A., ed.920783 cBK c11949d11949 00104070aBANbBANcGENd1996-12-05eEDS g15840.00l0o047.1:539.1/ PRO-32p12865r2021-11-05v15840.00w1996-12-05yBKGRs. 15840.00